Teoría del desarrollo económico en la historia del pensamiento económico (Registro nro. 5916)

Detalles MARC
000 -LEADER
fixed length control field 00887 a2200205 4500
001 - CONTROL NUMBER
control field 55354
005 - DATE AND TIME OF LATEST TRANSACTION
control field 20260407155827.0
008 - FIXED-LENGTH DATA ELEMENTS--GENERAL INFORMATION
fixed length control field 260407a1969 arg spa d
003 - CONTROL NUMBER IDENTIFIER
control field AR-UNSa-BCEJYS
040 ## - CATALOGING SOURCE
Original cataloging agency AR-UNSa-BCEJYS
Language of cataloging spa
Transcribing agency AR-UNSa-BCEJYS
080 ## - UNIVERSAL DECIMAL CLASSIFICATION NUMBER
Universal Decimal Classification number 330.34
Common auxiliary subdivision Desarrollo Económico
041 ## - LANGUAGE CODE
Language code of text/sound track or separate title spa
100 1# - MAIN ENTRY--PERSONAL NAME
Personal name Robbins, Lord
245 10 - TITLE STATEMENT
Title Teoría del desarrollo económico en la historia del pensamiento económico
264 #1 - PRODUCTION, PUBLICATION, DISTRIBUTION, MANUFACTURE, AND COPYRIGHT NOTICE
Place of production, publication, distribution, manufacture Barcelona :
Name of producer, publisher, distributor, manufacturer Gustavo Gili
Date of production, publication, distribution, manufacture, or copyright notice 1969
300 ## - PHYSICAL DESCRIPTION
Extent 275 p.
Dimensions 22 cm.
505 ## - FORMATTED CONTENTS NOTE
Formatted contents note 1. Perspectiva general - 2. Población y rendimientos - 3. Acumulación de capital y demanda efectiva - 4. La educación y el progreso del conocimiento - 5. Organización y política económica - 6. Función del dinero en la teoria del desarrollo económico - 7. La conveniencia del desarrollo económico
590 ## - LOCAL NOTE (RLIN)
Local note niveau_biblio:m niveau_hierar:0
942 ## - ADDED ENTRY ELEMENTS (KOHA)
Koha item type
Existencias
Withdrawn status Lost status Damaged status Not for loan Home library Current library Shelving location Date acquired Total checkouts Full call number Barcode Date last seen Price effective from Koha item type
        Biblioteca Prof. Eusebio Cleto del Rey Biblioteca Prof. Eusebio Cleto del Rey   07/04/2026   330.34 R631 L12394 07/04/2026 07/04/2026 Libro
        Biblioteca Prof. Eusebio Cleto del Rey Biblioteca Prof. Eusebio Cleto del Rey   07/04/2026   330.34 R631 L12393 07/04/2026 07/04/2026 Libro